Belluno - Statistics

Statistiche generali
  • Questo quiz è stato fatto 37 volte
  • Il punteggio medio è 3 su 11
Statistiche sulle risposte
Hint Risposta % Corretto
Si trova nella regione del Veneto
100%
Costruita alla confluenza del fiume Piave
71%
Vi nacque un famoso scrittore del Novecento Dino Buzzati
29%
con il torrente Ardo
21%
Marciapiede per la passeggiata in piazza dei Martiri Liston
18%
Caratteristica fiera primaverile della città Sagra de i Fiŝciòt
18%
Settimanale della diocesi di Belluno-Feltre L'Amico del Popolo
12%
L'architetto del campanile della cattedrale (1743) Filippo Juvarra
9%
Decorazione ottenuta dopo la Liberazione Medaglia d'oro al valor militare
6%
Grande monumento di stile veneziano, già sede del rappresentante lagunare Palazzo dei rettori
3%
Fu municipio romano iscritto nella tribù Papiria
0%
Nessun quiz corrispondente trovato
Distribuzione punteggi
Percentuale di utenti per punteggio
Percentile per numero di risposta
I tuoi punteggi nel tempo
Non hai fatto questo quiz